| 000 | 00850nam a2200289Ia 4500 | ||
|---|---|---|---|
| 001 | Z_5320 | ||
| 003 | CHAP | ||
| 008 | 220113s2006 xx 000 0 und d | ||
| 010 | _a168386 | ||
| 040 | _cCHAP | ||
| 090 | _aTesis A 1914 | ||
| 100 |
_aAngel Cruz, Aurora del _95752 |
||
| 245 |
_aUtilización de FGA + PNSG o prostaglandinas en la sindronización del estro en ovejas pelibuey / _cAurora del Angel Cruz |
||
| 260 |
_aChapingo, Méx. : _b El autor, _c2006 |
||
| 300 | _a45 h. | ||
| 502 | _aTesis (Ing. Agr. Esp. en Zootecnia) -- UACH. Departamento de Zootecnia | ||
| 650 |
_aBorrego Pelibuey _913937 |
||
| 650 |
_aOvulación _984414 |
||
| 650 |
_aProstaglandinas _992435 |
||
| 650 |
_aSincronización del celo _9106556 |
||
| 901 | _aTESIS A 1914 | ||
| 902 | _aM | ||
| 910 | _a2006 | ||
| 942 | _c2 | ||
| 942 | _c2 | ||
| 999 |
_c168386 _d168386 |
||